[Event "World Senior Teams +65"]
[Site "Radebeul GER"]
[Date "2016.07.01"]
[Round "6.1"]
[Board "3"]
[White "Schuermans, Robert"]
[Black "Balashov, Yuri S"]
[Result "0-1"]
[BlackTitle "GM"]
[WhiteElo "2128"]
[BlackElo "2408"]
[WhiteTeam "Belgium 1"]
[BlackTeam "Russia 65+"]
[WhiteFideId "200263"]
[BlackFideId "4100263"]
[EventDate "2016.06.26"]

1. e4 c5 2. Nf3 d6 3. d4 cxd4 4. Nxd4 Nf6 5. Nc3 a6 6. Bg5 Nbd7 7. f4 Qb6 8. Qd2
e6 9. O-O-O Be7 10. Bh4 O-O 11. g4 Nxe4 12. Nxe4 Bxh4 13. g5 Nc5 14. Nxc5 Qxc5
15. Nb3 Qf2 16. Qxd6 b6 17. Qc7 e5 18. Bc4 Qxf4+ 19. Kb1 Bh3 20. Bd5 Rac8 21.
Qxb6 Bxg5 22. Nc5 Qf2 23. Qb3 Rxc5 24. Qxh3 Qxc2+ 25. Ka1 Rfc8 26. a3 Rb8 27. b4
Bd2 28. Bxf7+ Kh8 29. Rxd2 Qxd2 30. Bg6 h6 31. Qe6 Qd4+ 32. Ka2 Rc3 33. Qxa6
Qd5+ 34. Kb2 Rb3+ 35. Kc2 Re3 36. Bd3 Qg2+ 37. Kc3 Qxh1 38. Qa7 Qc1+ 0-1

[Event "World Senior Teams +65"]
[Site "Radebeul GER"]
[Date "2016.07.01"]
[Round "6.1"]
[Board "4"]
[White "Pushkov, Nikolai"]
[Black "Maes, Valeer"]
[Result "1-0"]
[WhiteTitle "GM"]
[WhiteElo "2315"]
[BlackElo "2084"]
[WhiteTeam "Russia 65+"]
[BlackTeam "Belgium 1"]
[WhiteFideId "4117131"]
[BlackFideId "201634"]
[EventDate "2016.06.26"]

1. d4 d5 2. c4 e6 3. Nc3 a6 4. cxd5 exd5 5. Nf3 Nf6 6. Bg5 Be7 7. e3 O-O 8. Qc2
Be6 9. Bd3 h6 10. Bh4 Nc6 11. a3 Nd7 12. Bxe7 Nxe7 13. O-O c6 14. b4 b6 15. Rfc1
Qb8 16. a4 a5 17. b5 c5 18. e4 Rc8 19. Nxd5 Nxd5 20. exd5 Bxd5 21. Bf5 Qd6 22.
Ne5 Be6 23. Bxe6 Qxe6 24. Nc6 Re8 25. Rd1 1-0

[Event "World Senior Teams +65"]
[Site "Radebeul GER"]
[Date "2016.07.01"]
[Round "6.2"]
[Board "1"]
[White "Faibisovich, Vadim Z"]
[Black "Boehnisch, Manfred"]
[Result "1/2-1/2"]
[WhiteTitle "IM"]
[BlackTitle "FM"]
[WhiteElo "2348"]
[BlackElo "2302"]
[WhiteTeam "Sankt-Petersburg"]
[BlackTeam "Schachfreunde Leipzig"]
[WhiteFideId "4102703"]
[BlackFideId "4611543"]
[EventDate "2016.06.26"]

1. e4 c6 2. d4 d5 3. Nc3 dxe4 4. Nxe4 Bf5 5. Ng3 Bg6 6. Nf3 Nd7 7. h4 h6 8. h5
Bh7 9. Bd3 Bxd3 10. Qxd3 e6 11. Nf1 Ngf6 12. Ne3 Bb4+ 13. c3 Bd6 14. Nc4 Bc7 15.
Qe2 c5 16. Be3 Qe7 17. dxc5 Nxc5 18. Bd4 a6 19. O-O-O O-O-O 20. Nfe5 Nfd7 21.
Qe3 Nxe5 22. Nxe5 Bxe5 23. Qxe5 Nd7 24. Qg3 e5 25. Rde1 f6 26. f4 Rhe8 27. fxe5 1/2-1/2

[Event "World Senior Teams +65"]
[Site "Radebeul GER"]
[Date "2016.07.01"]
[Round "6.2"]
[Board "2"]
[White "Schubert, Thomas"]
[Black "Mishuchkov, Nikolai M."]
[Result "1-0"]
[WhiteTitle "FM"]
[BlackTitle "IM"]
[WhiteElo "2362"]
[BlackElo "2306"]
[WhiteTeam "Schachfreunde Leipzig"]
[BlackTeam "Sankt-Petersburg"]
[WhiteFideId "4643038"]
[BlackFideId "4102401"]
[EventDate "2016.06.26"]

1. d4 Nf6 2. Nf3 d5 3. c4 e6 4. Nc3 Bb4 5. cxd5 exd5 6. Bg5 h6 7. Bxf6 Qxf6 8.
Qa4+ Nc6 9. e3 O-O 10. Be2 Be6 11. O-O a6 12. Qb3 Rfd8 13. Rac1 Bd6 14. Ne1 Ne7
15. Nd3 Rab8 16. Qc2 Nf5 17. Qd2 c6 18. f4 Bf8 19. Ne5 Nd6 20. Bd3 Bf5 21. g4
Bxd3 22. Qxd3 Qh4 23. Qe2 f5 24. Qg2 fxg4 25. Nxg4 Nf5 26. Rf3 Bd6 27. Rh3 Qe7
28. Kh1 Rd7 29. Rg1 Qe6 30. Rh5 Rf8 31. Qh3 Kh7 32. Ne5 Bxe5 33. fxe5 Rdf7 34.
Ne2 Qc8 35. Qg4 g5 36. Qxg5 Rg7 37. Rxh6+ Kg8 38. Rg6 Rf7 39. e6 1-0

[Event "World Senior Teams +65"]
[Site "Radebeul GER"]
[Date "2016.07.01"]
[Round "6.2"]
[Board "3"]
[White "Karasev, Vladimir I"]
[Black "Braun, Gottfried"]
[Result "1-0"]
[WhiteTitle "IM"]
[BlackTitle "FM"]
[WhiteElo "2347"]
[BlackElo "2240"]
[WhiteTeam "Sankt-Petersburg"]
[BlackTeam "Schachfreunde Leipzig"]
[WhiteFideId "4103971"]
[BlackFideId "4611489"]
[EventDate "2016.06.26"]

1. Nf3 d6 2. d4 Nf6 3. Nc3 Nbd7 4. e4 e5 5. Bc4 Be7 6. Ng5 O-O 7. Bxf7+ Rxf7 8.
Ne6 Qe8 9. Nxc7 Qd8 10. Nxa8 b6 11. dxe5 dxe5 12. Nd5 Nxd5 13. Qxd5 Ba6 14. Be3
Qc8 15. O-O-O Nf6 16. Qxe5 Ng4 17. Qd5 Nf6 18. Qb3 Qxa8 19. f3 Qc6 20. Rd4 Bc8
21. Qc4 Qxc4 22. Rxc4 Be6 23. Rc6 Bxa2 24. Rc8+ Rf8 25. Rxf8+ Kxf8 26. b3 Ba3+
27. Kd2 Bb2 28. c3 1-0

[Event "World Senior Teams +65"]
[Site "Radebeul GER"]
[Date "2016.07.01"]
[Round "6.2"]
[Board "4"]
[White "Beltz, Robert"]
[Black "Blechzin, Igor"]
[Result "0-1"]
[BlackTitle "IM"]
[WhiteElo "2121"]
[BlackElo "2349"]
[WhiteTeam "Schachfreunde Leipzig"]
[BlackTeam "Sankt-Petersburg"]
[WhiteFideId "1271028"]
[BlackFideId "4116208"]
[EventDate "2016.06.26"]

1. e4 c5 2. Nf3 d6 3. d4 cxd4 4. Nxd4 Nf6 5. Nc3 a6 6. Be2 g6 7. Be3 Bg7 8. O-O
O-O 9. Kh1 Nc6 10. Qd2 Nxd4 11. Bxd4 Be6 12. f4 Rc8 13. Bf3 Rc4 14. Rae1 Qa5 15.
Re2 Qb4 16. a3 Qxb2 17. Rb1 Qxa3 18. Rb3 Qa1+ 19. Rb1 Qa3 20. Rb3 Qa5 21. Bb6
Qa1+ 22. Re1 Nxe4 23. Nxe4 Rxc2 24. Qe3 Qa4 25. Ra3 Qb4 26. Ng5 Bc4 27. Ba5 Qb2
28. Be4 Re2 29. Rxe2 Bxe2 30. Bd2 Bc4 31. Bc1 Qb5 32. Qe1 h6 33. Nf3 e6 34. Nd2
Bd5 35. Bxd5 Qxd5 36. Nf3 Rc8 37. Be3 Rc2 38. Qb1 Rb2 39. Qc1 a5 40. Nd2 Qb5 41.
Qd1 d5 42. Rb3 Qa4 0-1

[Event "World Senior Teams +65"]
[Site "Radebeul GER"]
[Date "2016.07.01"]
[Round "6.3"]
[Board "2"]
[White "Kahn, Peter"]
[Black "James, Geoffrey H"]
[Result "1/2-1/2"]
[BlackTitle "CM"]
[WhiteElo "2097"]
[BlackElo "2203"]
[WhiteTeam "USV TU Dresden"]
[BlackTeam "England 1"]
[WhiteFideId "4686837"]
[BlackFideId "402346"]
[EventDate "2016.06.26"]

1. d4 Nf6 2. Nf3 e6 3. Bg5 b6 4. e4 h6 5. Bxf6 Qxf6 6. Bd3 Bb7 7. Nbd2 d5 8. e5
Qd8 9. c3 Be7 10. O-O c5 11. Rc1 O-O 12. Re1 Nc6 13. Nf1 Rc8 14. Qe2 cxd4 15.
cxd4 Nb4 16. Bb1 a5 17. Qd2 Ba6 18. Rxc8 Qxc8 19. a3 Nc6 20. Rc1 Bxf1 21. Kxf1 1/2-1/2

[Event "World Senior Teams +65"]
[Site "Radebeul GER"]
[Date "2016.07.01"]
[Round "6.3"]
[Board "3"]
[White "Stokes, Michael"]
[Black "Petzold, Hans"]
[Result "1-0"]
[WhiteElo "2187"]
[BlackElo "2092"]
[WhiteTeam "England 1"]
[BlackTeam "USV TU Dresden"]
[WhiteFideId "442542"]
[BlackFideId "24615676"]
[EventDate "2016.06.26"]

1. e4 e6 2. d4 d5 3. Nc3 Bb4 4. e5 c5 5. a3 Bxc3+ 6. bxc3 Qc7 7. Nf3 Bd7 8. h4
Ba4 9. Ra2 Nc6 10. h5 h6 11. Rh4 cxd4 12. cxd4 Nge7 13. Bd2 a5 14. Bd3 O-O-O 15.
Rf4 Rdf8 16. Rb2 f5 17. exf6 Rxf6 18. Rg4 e5 19. dxe5 Rxf3 20. gxf3 Qxe5+ 21.
Qe2 Qxb2 22. Qe6+ Kb8 23. Rxa4 Rf8 24. Qd6+ Kc8 25. Bf4 Qb6 26. Qe6+ Kd8 27.
Qd6+ Kc8 28. Bf1 Re8 29. Bh3+ Nf5+ 30. Kf1 1-0

[Event "World Senior Teams +65"]
[Site "Radebeul GER"]
[Date "2016.07.01"]
[Round "6.3"]
[Board "4"]
[White "Kneschke, Hansjuergen"]
[Black "Quinn, John M"]
[Result "0-1"]
[WhiteElo "2024"]
[BlackElo "2152"]
[WhiteTeam "USV TU Dresden"]
[BlackTeam "England 1"]
[WhiteFideId "24679720"]
[BlackFideId "405043"]
[EventDate "2016.06.26"]

1. e4 c5 2. Nc3 Nc6 3. Bb5 Nd4 4. Bc4 e6 5. Nf3 Ne7 6. Nxd4 cxd4 7. Ne2 Nc6 8.
f4 Qh4+ 9. g3 Qh3 10. Ng1 Qg2 11. Qf3 Qxf3 12. Nxf3 a6 13. a3 b5 14. Bd3 Bc5 15.
b4 Bb6 16. Bb2 f6 17. e5 f5 18. O-O-O Bb7 19. Rhf1 g6 20. Rde1 Rc8 21. Kb1 O-O
22. Rc1 Rc7 23. c4 dxc3 24. Rxc3 Rfc8 25. Rfc1 Nxb4 26. Rxc7 Rxc7 27. Rxc7 Bxc7
28. axb4 Bxf3 29. Bd4 d6 30. exd6 Bxd6 31. Bc3 Kf7 32. Bc2 Ke7 33. Kb2 Bd5 34.
Bd1 Kd7 35. d3 Kc6 36. Kc2 Bc7 37. Kd2 Bb6 38. d4 Bd8 39. h4 Be7 40. Kd3 Bc4+
41. Ke3 a5 42. Bf3+ Bd5 43. Bxd5+ exd5 44. bxa5 b4 45. Bb2 Kb5 46. Kd3 Kxa5 47.
Kc2 Ka4 48. Bc1 b3+ 49. Kd3 Bb4 0-1

[Event "World Senior Teams +65"]
[Site "Radebeul GER"]
[Date "2016.07.01"]
[Round "6.4"]
[Board "1"]
[White "Rotstein, Jefim"]
[Black "Romcovici, Victor"]
[Result "1-0"]
[WhiteTitle "FM"]
[BlackTitle "IM"]
[WhiteElo "2332"]
[BlackElo "2122"]
[WhiteTeam "Germany 2"]
[BlackTeam "Moldova"]
[WhiteFideId "14101033"]
[BlackFideId "13900560"]
[EventDate "2016.06.26"]

1. e4 e5 2. Nf3 Nc6 3. Nc3 Nf6 4. d4 exd4 5. Nxd4 Bb4 6. Nxc6 bxc6 7. Bd3 d5 8.
exd5 cxd5 9. O-O O-O 10. Bg5 c6 11. Qf3 Be7 12. Rae1 h6 13. Bxh6 gxh6 14. Qe3
Bd6 15. Qxh6 Bg4 16. Re3 Rb8 17. Kh1 Rb4 18. Rh3 Bxh3 19. gxh3 Rg4 20. hxg4 Re8
21. g5 Ne4 22. Nxe4 dxe4 23. g6 Qf6 24. gxf7+ Kxf7 25. Qh7+ Qg7 26. Qf5+ Qf6 27.
Bxe4 Rh8 28. h3 Rh4 29. Kg2 c5 30. Rd1 Rf4 31. Qxf6+ Rxf6 32. f3 Ke7 33. h4 Be5
34. b3 Rh6 35. Rh1 Ra6 36. a4 c4 37. h5 cxb3 38. cxb3 Rb6 39. Bd5 Rd6 40. Bc4
Bg7 41. Kh3 Kf6 42. Rg1 Rd7 43. Rg6+ Ke5 44. Kg4 Bf8 45. Re6+ Kd4 46. h6 a5 47.
Kh5 Bb4 48. Kg6 Bc3 49. f4 Kc5 50. f5 Rd1 51. f6 Rg1+ 52. Kf5 Rg2 53. f7 Rf2+
54. Kg6 Bb2 55. Re8 1-0

[Event "World Senior Teams +65"]
[Site "Radebeul GER"]
[Date "2016.07.01"]
[Round "6.4"]
[Board "2"]
[White "Nevednichy, Boris M"]
[Black "Khanukov, Boris"]
[Result "1/2-1/2"]
[WhiteTitle "IM"]
[BlackTitle "IM"]
[WhiteElo "2122"]
[BlackElo "2323"]
[WhiteTeam "Moldova"]
[BlackTeam "Germany 2"]
[WhiteFideId "13900080"]
[BlackFideId "4680898"]
[EventDate "2016.06.26"]

1. e4 c5 2. Nf3 Nc6 3. Bb5 e6 4. Bxc6 bxc6 5. O-O d5 6. d3 Nf6 7. e5 Nd7 8. c4
Be7 9. Nc3 O-O 10. Re1 Rb8 11. b3 f6 12. exf6 Bxf6 13. Qc2 Re8 14. Bf4 e5 15.
Bg3 Bb7 16. Rac1 Rc8 17. Re2 Qa5 18. Bh4 Qd8 19. Bxf6 Qxf6 20. Rce1 Re7 21. Qd2
Rce8 22. Qg5 Kf7 1/2-1/2

[Event "World Senior Teams +65"]
[Site "Radebeul GER"]
[Date "2016.07.01"]
[Round "6.4"]
[Board "3"]
[White "Salov, Sergej"]
[Black "Scovitin, Albert"]
[Result "1-0"]
[WhiteTitle "IM"]
[WhiteElo "2198"]
[BlackElo "2209"]
[WhiteTeam "Germany 2"]
[BlackTeam "Moldova"]
[WhiteFideId "4107926"]
[BlackFideId "13906356"]
[EventDate "2016.06.26"]

1. e4 e6 2. d4 d5 3. Nd2 Nf6 4. e5 Nfd7 5. f4 c5 6. c3 Nc6 7. Ndf3 Be7 8. Bd3
O-O 9. Ne2 f6 10. O-O cxd4 11. cxd4 f5 12. a3 Rf7 13. h3 g6 14. g4 Nf8 15. Kh1
Rg7 16. Rg1 Bd7 17. b4 a6 18. Ra2 Rc8 19. Ng3 Bh4 20. Nf1 Be7 21. Rag2 Qb6 22.
Ng3 Rf7 23. Be3 Bd8 24. gxf5 exf5 25. h4 Ne7 26. Ng5 Rg7 27. h5 h6 28. Nf3 Rc6
29. Nh4 g5 30. Ngxf5 Nxf5 31. Nxf5 Bxf5 32. Bxf5 Rcc7 33. fxg5 Bxg5 34. Bxg5
hxg5 35. Rxg5 Rxg5 36. Rxg5+ Kf7 37. Qg4 Qh6 38. Kg2 Ke8 39. Kg3 Rc1 40. Kh2 Rc3
41. Qf4 Rxa3 42. e6 Qf6 43. Bg6+ 1-0

[Event "World Senior Teams +65"]
[Site "Radebeul GER"]
[Date "2016.07.01"]
[Round "6.4"]
[Board "4"]
[White "Gyrlea, Viktor"]
[Black "Gruzmann, Boris"]
[Result "0-1"]
[WhiteTitle "IM"]
[BlackTitle "FM"]
[WhiteElo "2384"]
[BlackElo "2202"]
[WhiteTeam "Moldova"]
[BlackTeam "Germany 2"]
[WhiteFideId "13900803"]
[BlackFideId "4105290"]
[EventDate "2016.06.26"]

1. d4 Nf6 2. c4 g6 3. Nc3 Bg7 4. e4 d6 5. h3 O-O 6. Nf3 Na6 7. Bd2 Nd7 8. Bd3 e5
9. d5 f5 10. O-O Nac5 11. Bg5 Nf6 12. Bc2 h6 13. Bxf6 Qxf6 14. Qe2 a5 15. Nh2
Bd7 16. b3 Be8 17. Rad1 h5 18. f3 Bh6 19. g4 Bd7 20. Kh1 Kh8 21. a3 Qh4 22. Qg2
Rf7 23. Ne2 Raf8 24. Qg3 Qxg3 25. Nxg3 h4 26. Ne2 fxe4 27. fxe4 Rf2 28. Rxf2
Rxf2 29. Rf1 Rxe2 30. b4 Rxc2 31. bxc5 Bf4 0-1

[Event "World Senior Teams +65"]
[Site "Radebeul GER"]
[Date "2016.07.01"]
[Round "6.5"]
[Board "1"]
[White "Kugelmann, Werner"]
[Black "Liebert, Heinz"]
[Result "1/2-1/2"]
[BlackTitle "IM"]
[WhiteElo "2144"]
[BlackElo "2182"]
[WhiteTeam "Stiftung BSW / DBAG I"]
[BlackTeam "Sachsen-Anhalt"]
[WhiteFideId "4671856"]
[BlackFideId "4611438"]
[EventDate "2016.06.26"]

1. e4 c5 2. Nf3 Nc6 3. d4 cxd4 4. Nxd4 Qc7 5. Nc3 e6 6. Be2 a6 7. O-O Nxd4 8.
Qxd4 Ne7 9. Be3 Nc6 10. Qb6 Bd6 11. f4 f6 12. Rfd1 Qxb6 13. Bxb6 Be7 14. a4 Bb4
15. Na2 Ba5 16. Bc5 Bc7 17. Nc3 1/2-1/2

[Event "World Senior Teams +65"]
[Site "Radebeul GER"]
[Date "2016.07.01"]
[Round "6.5"]
[Board "2"]
[White "Bondick, Karl-Heinz"]
[Black "Baumbach, Friedrich"]
[Result "1/2-1/2"]
[BlackTitle "FM"]
[WhiteElo "2055"]
[BlackElo "2193"]
[WhiteTeam "Sachsen-Anhalt"]
[BlackTeam "Stiftung BSW / DBAG I"]
[WhiteFideId "4692071"]
[BlackFideId "4611721"]
[EventDate "2016.06.26"]

1. d4 d5 2. c4 e6 3. Nf3 Nf6 4. Bg5 Be7 5. Nc3 O-O 6. Qc2 h6 7. Bxf6 Bxf6 8. e4
dxc4 9. e5 Be7 10. Bxc4 c5 11. dxc5 Qa5 12. O-O Qxc5 13. Qe4 g6 1/2-1/2

[Event "World Senior Teams +65"]
[Site "Radebeul GER"]
[Date "2016.07.01"]
[Round "6.5"]
[Board "3"]
[White "Fleuch, Hans-Juergen"]
[Black "Bocionek, Dieter"]
[Result "1/2-1/2"]
[WhiteElo "2078"]
[BlackElo "1956"]
[WhiteTeam "Stiftung BSW / DBAG I"]
[BlackTeam "Sachsen-Anhalt"]
[WhiteFideId "4619617"]
[BlackFideId "12944106"]
[EventDate "2016.06.26"]

1. Nf3 d5 2. g3 Nf6 3. Bg2 c6 4. b3 Bf5 5. Bb2 Nbd7 6. d3 e6 7. O-O Qc7 8. h3 h6
9. c4 Rc8 10. Nbd2 Be7 11. Re1 O-O 12. e4 dxe4 13. dxe4 Bh7 14. e5 Ne8 15. Ne4
Nc5 16. Nxc5 Bxc5 17. Qe2 g5 18. Nd2 1/2-1/2

[Event "World Senior Teams +65"]
[Site "Radebeul GER"]
[Date "2016.07.01"]
[Round "6.5"]
[Board "4"]
[White "Ruemmler, Roland"]
[Black "Goldberg, Valerij"]
[Result "1/2-1/2"]
[WhiteElo "1952"]
[BlackElo "2123"]
[WhiteTeam "Sachsen-Anhalt"]
[BlackTeam "Stiftung BSW / DBAG I"]
[WhiteFideId "4636180"]
[BlackFideId "4684370"]
[EventDate "2016.06.26"]

1. d4 Nf6 2. Nf3 d5 3. g3 b6 4. Bg2 Bb7 5. O-O e6 6. Ne5 Be7 7. Nd2 O-O 8. c4
Nbd7 9. Nd3 c5 10. e3 Qc7 11. b3 cxd4 12. exd4 Rac8 13. Bb2 dxc4 14. Bxb7 Qxb7
15. Nxc4 Rc7 16. Rc1 Rfc8 17. Qe2 Nd5 18. Nce5 N7f6 19. h4 Nb4 20. Nxb4 Bxb4 21.
Rxc7 Rxc7 22. Rc1 Bd6 23. Nc4 1/2-1/2

[Event "World Senior Teams +65"]
[Site "Radebeul GER"]
[Date "2016.07.01"]
[Round "6.6"]
[Board "1"]
[White "Danner, Georg"]
[Black "Vucenovic, Dragomir"]
[Result "1/2-1/2"]
[WhiteTitle "IM"]
[BlackTitle "FM"]
[WhiteElo "2338"]
[BlackElo "2264"]
[WhiteTeam "Austria"]
[BlackTeam "Switzerland"]
[WhiteFideId "1600303"]
[BlackFideId "1300393"]
[EventDate "2016.06.26"]

1. d4 d5 2. Nf3 c6 3. c4 Nf6 4. e3 a6 5. Nbd2 g6 6. Bd3 Bf5 7. Bxf5 gxf5 8. Ne5
e6 9. O-O Nbd7 10. Nd3 h5 11. Qb3 Rb8 12. Nf3 Ne4 13. Bd2 dxc4 14. Qxc4 Nb6 15.
Qc2 Nd5 16. Rfd1 Rg8 1/2-1/2

[Event "World Senior Teams +65"]
[Site "Radebeul GER"]
[Date "2016.07.01"]
[Round "6.6"]
[Board "2"]
[White "Bhend, Edwin"]
[Black "Petschar, Kurt"]
[Result "0-1"]
[WhiteTitle "IM"]
[BlackTitle "FM"]
[WhiteElo "2169"]
[BlackElo "2278"]
[WhiteTeam "Switzerland"]
[BlackTeam "Austria"]
[WhiteFideId "1300288"]
[BlackFideId "1600478"]
[EventDate "2016.06.26"]

1. d4 Nf6 2. Nc3 d5 3. Bg5 Bf5 4. e3 e6 5. Bd3 Bxd3 6. cxd3 c5 7. Nf3 cxd4 8.
Nxd4 Be7 9. O-O O-O 10. Rc1 Qd7 11. Qa4 Rc8 12. Rfd1 Nc6 13. Nf3 h6 14. Bh4 a6
15. Rd2 b5 16. Qd1 d4 17. Bxf6 dxe3 18. fxe3 Bxf6 19. Ne4 Be7 20. Rdc2 Nb4 21.
Ne5 Qd8 22. Rxc8 Rxc8 23. Rxc8 Qxc8 24. a3 Nd5 25. Kf2 f5 26. Ng3 Bf6 27. d4 Qc7
28. Nf3 Nxe3 29. Kxe3 f4+ 30. Kf2 fxg3+ 31. hxg3 Qc4 32. Qd2 Qd5 33. Qe3 Qf5 34.
Ke2 Kf7 35. Qf4 Qc2+ 36. Qd2 Qc4+ 37. Kf2 Ke7 38. g4 Kd6 39. Ke3 Kd5 40. Qd3
Qc1+ 41. Nd2 Bg5+ 0-1

[Event "World Senior Teams +65"]
[Site "Radebeul GER"]
[Date "2016.07.01"]
[Round "6.6"]
[Board "3"]
[White "Titz, Heimo"]
[Black "Hohler, Peter"]
[Result "1/2-1/2"]
[WhiteTitle "FM"]
[BlackTitle "FM"]
[WhiteElo "2160"]
[BlackElo "2159"]
[WhiteTeam "Austria"]
[BlackTeam "Switzerland"]
[WhiteFideId "1601520"]
[BlackFideId "1300296"]
[EventDate "2016.06.26"]

1. c4 Nf6 2. Nc3 e6 3. Nf3 Bb4 4. e3 O-O 5. d4 d5 6. cxd5 exd5 7. Qb3 Bd6 8. Bd3
Re8 9. h3 c6 10. Qc2 Nbd7 11. a3 a5 12. b3 Nf8 13. Bb2 Qe7 14. Na4 N6d7 15. O-O
g6 16. Qc3 f5 17. Nc5 b6 18. Nxd7 Bxd7 19. Ne5 Bxe5 20. dxe5 Ne6 21. f4 c5 22.
a4 Rac8 23. Qc2 Ng7 24. g3 Be6 25. Bb5 Red8 1/2-1/2

[Event "World Senior Teams +65"]
[Site "Radebeul GER"]
[Date "2016.07.01"]
[Round "6.6"]
[Board "4"]
[White "Illi, Hans-Joerg"]
[Black "Singer, Hans"]
[Result "1/2-1/2"]
[BlackTitle "FM"]
[WhiteElo "2042"]
[BlackElo "2191"]
[WhiteTeam "Switzerland"]
[BlackTeam "Austria"]
[WhiteFideId "1300431"]
[BlackFideId "1600800"]
[EventDate "2016.06.26"]

1. d4 Nf6 2. Nf3 e6 3. Bg5 c5 4. e3 b6 5. d5 d6 6. Nc3 Be7 7. Bb5+ Bd7 8. Bxf6
Bxf6 9. Qd3 Bxc3+ 10. bxc3 e5 11. e4 O-O 12. Bxd7 Nxd7 13. c4 f5 14. Nd2 f4 15.
f3 Rf6 16. g4 fxg3 17. hxg3 Nf8 18. O-O-O Qe8 19. Rde1 Ng6 20. Rh3 a6 21. Kd1 b5
22. Ke2 Qd7 23. Reh1 h6 24. R3h2 Rb8 25. Rb1 Rf7 26. Rh5 Ne7 27. Qe3 Rbf8 28.
Rf1 Rf6 29. Rh2 Nc8 30. g4 Rf4 31. Rg1 bxc4 32. g5 hxg5 33. Rxg5 Qa4 34. Rhg2
R8f7 35. Qc3 Nb6 36. a3 Qb5 37. R2g3 Kf8 38. Rg6 R4f6 39. Kf2 Rxg6 40. Rxg6 Rf6
41. Rxf6+ gxf6 42. f4 Qd7 43. fxe5 fxe5 44. Nxc4 Nxc4 45. Qxc4 Qf7+ 46. Ke2 Qf4 1/2-1/2

[Event "World Senior Teams +65"]
[Site "Radebeul GER"]
[Date "2016.07.01"]
[Round "6.7"]
[Board "1"]
[White "Harestad, Thor Geir"]
[Black "Rosen, Willy"]
[Result "1-0"]
[WhiteTitle "FM"]
[BlackTitle "FM"]
[WhiteElo "2192"]
[BlackElo "2266"]
[WhiteTeam "Norway 1"]
[BlackTeam "Sportfreunde Katernberg"]
[WhiteFideId "1500414"]
[BlackFideId "4605535"]
[EventDate "2016.06.26"]

1. Nf3 c5 2. c4 Nc6 3. g3 g6 4. Bg2 Bg7 5. O-O e5 6. Nc3 Nge7 7. d3 d6 8. Ne1
Be6 9. Nc2 d5 10. cxd5 Nxd5 11. Ne3 Nde7 12. Ne4 b6 13. Ng5 Qd7 14. Nxe6 Qxe6
15. a3 O-O 16. Rb1 Rad8 17. b4 cxb4 18. axb4 b5 19. Re1 Nd4 20. Bb2 Rc8 21. Rc1
Rxc1 22. Qxc1 Rc8 23. Qa1 Qb3 24. Kf1 Nef5 25. Bxd4 Nxd4 26. Qxa7 Rf8 27. Qc5 h5
28. Nd5 Kh7 29. h3 f5 30. f4 e4 31. dxe4 Qxg3 32. e5 Ne6 33. Qf2 Qa3 34. Qb6 Re8
35. Qc6 Qa8 36. Qxa8 Rxa8 37. Nf6+ Bxf6 38. Bxa8 Be7 39. e3 Bxb4 40. Rb1 Bc5 41.
Ke2 b4 42. Bd5 Nc7 43. Bc4 Kh6 44. Rd1 g5 45. Rd7 Ne8 46. Rd8 Ng7 47. Rc8 1-0

[Event "World Senior Teams +65"]
[Site "Radebeul GER"]
[Date "2016.07.01"]
[Round "6.7"]
[Board "2"]
[White "Krueger, Erich"]
[Black "Ulrichsen, Jarl H"]
[Result "1-0"]
[BlackTitle "FM"]
[WhiteElo "2198"]
[BlackElo "2187"]
[WhiteTeam "Sportfreunde Katernberg"]
[BlackTeam "Norway 1"]
[WhiteFideId "4624718"]
[BlackFideId "1500350"]
[EventDate "2016.06.26"]

1. d4 Nf6 2. c4 e6 3. Nc3 Bb4 4. Nf3 b6 5. Bg5 Bb7 6. Nd2 h6 7. Bh4 Be7 8. e4 d6
9. d5 e5 10. Bg3 Nbd7 11. Bd3 O-O 12. O-O Nh7 13. b4 Bg5 14. Nb3 g6 15. Qe2 Bf4
16. f3 h5 17. Bf2 f5 18. g3 Bh6 19. c5 Bc8 20. cxd6 cxd6 21. exf5 gxf5 22. f4 e4
23. Bb5 Ndf6 24. Nd4 a6 25. Ba4 Ng4 26. Nc6 Qc7 27. Bd4 Bg7 28. Rac1 Bxd4+ 29.
Nxd4 b5 30. Bb3 h4 31. Ne6 Qa7+ 32. Kh1 Rf6 33. Nxe4 Rh6 34. Rc7 hxg3 35. Rxa7
Rxa7 36. Nxg3 Nxh2 37. Qxh2 1-0